00305nam a2200109 a 450000500170000000800410001705000190005824500660007726000260014365000080016965000180017720141022142001.0100916s19uu xx 00 eng d aDVDbSch2 2008 aKids with down syndrome:bstaying healthy and making friends. bStandford university. aDVD aDown syndrome